Kniha kníh 2. Helvétske vierovyznanie

Bibliographic Details
Main Author: Peresová, Zuzana (Author)
Format: Article
Language:Slovak
Subjects:

MARC

LEADER 00000nab a2200000 a 4500
001 vtls000512438
003 SK-MaSNL
005 20260303003759.0
008 170404c1994 xo 0 slo
015 |a SNBRB19rr/mm-uuuuu 
035 |a CL0512576 
040 |a SNKBUCL  |b slo  |c SNKBUCL  |e AACR2 
041 0 |a slo 
044 |a xo  |c SK 
080 |a 22:284.2  |2 1981 
080 |a 284.2  |2 1981 
100 1 |a Peresová, Zuzana  |4 aut  |9 977425 
245 1 0 |a Kniha kníh  |b 2. Helvétske vierovyznanie  |c Zuzana Peresová 
630 0 7 |a Biblia  |2 snkbucl  |9 17043 
650 0 7 |a Kresťanská reformovaná cirkev kalvínska  |2 snkbucl  |9 942542 
650 0 7 |a vierovyznanie helvétske  |2 snkbucl  |9 979790 
655 7 |a články z novín a časopisov  |2 snkbucl  |9 267496 
773 0 |t Kalvínske hlasy  |g Roč. 65, č. 3 (1994), s. 4 
850 |a Slovenská národná knižnica v Martine  |a MTA001 
852 |a SNK  |b KIS3GCP 
958 |a RK 
992 |a RBX 
999 |c 1574421  |d 1576351